000 01277nam a2200337 i 4500
003 DO-SdBNP
005 20250520104814.0
007 ta
008 250520b2024 dr acd|| |||| 00| 0 spa d
020 _a9789945629507
040 _aDO-SdBNP
_bspa
_cBNPHU
_erda
041 _aspa
082 4 _axxx
_bxxx
_222
110 1 _aBanco Central de la República Dominicana
245 1 0 _aNueva literatura económica Dominicana
250 _aPrimera edición
264 4 _aSanto Domingo :
_bBanco Central de la República Dominicana,
_c©2024.
300 _a410 páginas :
_bilustraciones, retratos y gráficos ;
_c23 cm.
336 _atexto
_btxt
_2rdacontent
337 _asin mediación
_bn
_2rdamedia
338 _avolumen
_bnc
_2rdacarrier
490 1 _aColección del Banco Central de la República Dominicana
_v322
490 1 _aSerie Nueva Literatura Económica
_v28
500 _aIncluye referencias bibliográficas y notas al pie de las páginas
590 _aInventariado, 2025/BT
700 1 _aAlcántara Almánzar, José,
_eeditor
_4ed.
_987139
700 1 _aSoto, Elvis Francis,
_eeditor
_4ed.
_939156
830 _aColección del Banco Central de la República Dominicana
_n322, 28
_pSerie Nueva Literatura Económica
_987835
910 _aBtavárez
942 _2ddc
_cLBS1
999 _c58244
_d58244